Böhm, Herbert

Titel: Böhm, Herbert
Verfasser:
In: Saur Allgemeines Künstlerlexikon ; 12. Bobrov - Bordac̆ev, (1996), Seite 141
alle Artikel anzeigen
Veröffentlicht: 1996
Format: Aufsatz
Sprache: Deutsch
Kein Bild verfügbar
X
alg: 39158673
001A    $01999:11-11-16 
001B    $01999:15-05-21 $t21:00:06.000 
001D    $01999:11-11-16 
001U    $0utf8 
001X    $00 
002@    $0Aox 
003@    $0391586734 
007A    $0391586734 $aHEB 
007T    $0Herd07696 
010@    $ager 
011@    $a1996 
021A    $aBöhm, Herbert 
028A    $aTrier $dDankmar 
031A    $h141 $j1996 
039B    $aIn $8--Afu--. Saur Allgemeines Künstlerlexikon ; 12. Bobrov - Bordac̆ev. - München : Saur, 1996. - XIV, 680 Seiten. - ISBN 3-598-22752-3 $x199600000000000859 $9045721734 
045F    $a929.094382 $eDDC23BSB 
045F/01 $a929 
045F/03 $g4382 
045F/03 $g43832 
045F/03 $g4385 

lok: 39158673 78

exp: 39158673 78 1 #EPN
201B/01 $026-06-18 $t22:53:11.000 
201U/01 $0utf8 
203@/01 $0787681059 
208@/01 $a11-11-16 $be 
209A/01 $a/ $f000 $x00 
220C/01 $aTitelaufnehmer: jk 
244Z/01 $2Trx $#Prusy Wschodnie i Zachodnie $8--Trx--Ost- und Westpreußen $x01 $939113373X 
244Z/01 $2Trx $#Silesia $#Śląsk $#Sliezsko $#Slezsko $8--Trx--Schlesien $x02 $9391173987 
244Z/01 $#Breslau $#Wrocław $#Wrotizla $#Breßlau $#Breßlaw $#Vroclav $#Vratislav $#Vratislavia $#Vratislauiae $#Bresslau $#Wratislavia $#Brassel $#Bresla $#Wratislava $#Smirna $#Breslavia $#Wroclaw $74008216-7 $8--Tg1--Breslau $x03 $9085014184 
244Z/01 $#Gdynia $#Gdingen $#Gotenhafen $#Gdingen Gdynia $72011183-6 $8--Tg1--Gdynia $x04 $9042666600 
244Z/01 $aGeschichte 1894-1954 $x05 
244Z/01 $2Trx $8--Trx--Böhm, Herbert$Z1894-1954 $x06 $9390767921 
244Z/01 $2Trx $#arhitektid $#architektai $#architects $#épitészek $#architekci $#architekti $#architekti $8--Trx--Architekten $x07 $9391365967 
244Z/01 $2Trx $#linnakujundus ja linnade ehitus $#urbanistika $#Municipal construction $#várostervezés és -építés $#urbanistyka $#urbanistika $#urbanistika $#Städtebau $8--Trx--Stadtplanung und Städtebau $x08 $9391374583 
244Z/01 $2Trx $8--Trx--Einzelbeiträge $x09 $9391384570 
245Z/01 $a12.03 $x01 
247C/01 $82080>Marburg/Lahn, Herder-Institut, Forschungsbibliothek, Bibliographieportal $9336309341
LEADER 00000caa a22000002c 4500
001 391586734
003 DE-603
005 20210515210006.0
007 tu
008 161111s1996 xx |||| | u00||u|ger c
035 |a (DE-599)HEB391586734 
040 |a DE-603  |b ger  |c DE-603  |d DE-603 
041 |a ger 
082 0 4 |8 1\u  |a 929.094382  |q DE-101  |2 23/BSB 
085 |8 1\u  |b 929 
085 |8 1\u  |z 2  |s 4382 
085 |8 1\u  |z 2  |s 43832 
085 |8 1\u  |z 2  |s 4385 
100 1 |a Trier, Dankmar 
245 0 0 |a Böhm, Herbert 
264 0 |c 1996 
773 0 8 |i In  |t Saur Allgemeines Künstlerlexikon ; 12. Bobrov - Bordac̆ev  |d München : Saur, 1996  |h XIV, 680 Seiten  |z 3598227523  |g (1996), Seite 141  |w (DE-603)045721734 
924 0 |9 2080  |a (DE-603)787681059  |b DE-2080  |c HES  |d d  |g /